LIBRARY & INFORMATION CENTRE, KCAET, TAVANUR

ONLINE PUBLIC ACCESS CATALOGUE (OPAC)

Who killed Kennedy? / (Record no. 6352)

MARC details
000 -LEADER
fixed length control field 00358cam a2200145ua 4500
041 ## - LANGUAGE CODE
Language code of text/sound track or separate title eng
082 ## - DEWEY DECIMAL CLASSIFICATION NUMBER
Classification number 973
Item number BUC/WH
100 ## - MAIN ENTRY--AUTHOR NAME
Personal name Buchann, Thomas G .
245 ## - TITLE STATEMENT
Title Who killed Kennedy? /
260 ## - PUBLICATION, DISTRIBUTION, ETC. (IMPRINT)
Place of publication London :
Name of publisher Secker & Warburg ,
Year of publication 1964.
300 ## - PHYSICAL DESCRIPTION
Number of Pages 192 ; .
942 ## - ADDED ENTRY ELEMENTS (KOHA)
Koha item type Books
Holdings
Withdrawn status Lost status Damaged status Home library Current library Date acquired Full call number Accession Number Koha item type
Withdrawn     KAUAET Malayalam University 07/04/2012 973 4931 Books
free website counter